000 00286nam a2200121Ia 4500
008 190216s9999||||xx |||||||||||||| ||und||
100 _aRailkar J S
245 0 _aMacro Development Economics
260 _bSulthan Chand&Sons
_c1977
300 _a291p
650 _aEconomics
942 _cBK
999 _c9334
_d9334